[Event "Crema op 06th"]
[Site "Crema"]
[Date "2004.09.04"]
[Round "3"]
[White "Pampaluna, Enrico"]
[Black "Abbiati, Gianluigi"]
[Result "1-0"]
[WhiteElo "1440"]
[BlackElo "1593"]
[PlyCount "75"]
[EventDate "2004.09.03"]
[EventType "swiss"]
[EventRounds "6"]
[EventCountry "ITA"]
[SourceTitle "EXT 2007"]
[Source "ChessBase"]
[SourceDate "2006.11.23"]
[SourceVersion "1"]
[SourceVersionDate "2006.11.23"]
[SourceQuality "1"]

1. d4 d5 2. e3 Nf6 3. Nf3 e6 4. Bd3 Be7 5. 0-0 0-0 6. c3 Nc6 7. Nbd2 a6 8. Qe2 Bd6 9. e4 Bf4 10. e5 Bxd2 11. Bxd2 Ne4 12. Bxe4 dxe4 13. Qxe4 Ne7 14. h4 Qd5 15. Rfe1 Qxe4 16. Rxe4 b5 17. Rg4 Nf5 18. h5 c5 19. h6 g6 20. g3 Bb7 21. Nh4 cxd4 22. cxd4 Rfd8 23. Nxf5 exf5 24. Rf4 Bd5 25. a4 bxa4 26. Rxa4 Rdc8 27. Ra5 Bc4 28. g4 fxg4 29. Rxg4 Bb5 30. f4 Rc2 31. Bc3 Re8 32. Ra1 f6 33. f5 Bd3 34. fxg6 hxg6 35. exf6 Bf5 36. Rh4 Ree2 37. h7+ Kh8 38. f7 1-0